Zlepšenie funkčných vlastností povrchov bavlnených textílií nízkoteplotnou plazmou bakalárska práca CD

Guardado en:
Detalles Bibliográficos
Autor principal: Hýlová, Miroslava
Formato: Software Libro
Lenguaje:eslovaco
Publicado: Bratislava STUFCHPT 2013
Acceso en línea:Ver en el OPAC
Etiquetas: Agregar Etiqueta
Sin Etiquetas, Sea el primero en etiquetar este registro!

MARC

LEADER 00000nam a2200000 a 4500
005 20260127134004.0
007 co ugu
008 131125 2013 000 0 slo d
035 |a vtls010560351 
039 9 |y 201311251142  |z mschk03 
040 |a STUSCHK1  |b slo  |c STUSCHK1  |e AACR2 
100 1 |a Hýlová, Miroslava 
245 1 |a Zlepšenie funkčných vlastností povrchov bavlnených textílií nízkoteplotnou plazmou  |b bakalárska práca CD  |c Miroslava Hýlová 
260 |a Bratislava  |b STUFCHPT  |c 2013 
300 |a 1 optický disk 
500 |a Obhájené: 11.07.2013 
500 |a Štud. program: Chémia a medicínska chémia 
500 |a Štud. odbor: Chémia, chemické technológie 
500 |a Škol. pracovisko: Odd. vlákien a textilu 
500 |a Evid. číslo: FCHPT-5427-68542 
910 |a SCHK95 
999 |c 1598  |d 1598